000 00668nam a2200241 a 4500
003 DO-SdBNP
005 20250114092905.0
007 ta
008 250114e2017 dr a|||gr|||| 001 e spa d
020 _a9789945805031
040 _aDO-SdBNP
_bspa
_cBNPHU
_erda
082 4 _axxx
_bC987
_222
100 _958658
_aCustodio, Roberto
_eautor
245 1 0 _aDestello de amor /
_cRoberto Custodio
264 _aSanto Domingo :
_bOrtega,,
_c2017
300 _a104 páginas ;
_c22 cm.
336 _ardacontent
_btexto
_2txt
337 _ardamedia
_bsin mediación
_2n
338 _ardacarrier
_bvolumen
_2nc
590 _aInventariado 2024/DG
910 _aDG
942 _2ddc
_cLBS1
999 _c58045
_d58045